00421nam a2200133Ia 4500999001700000082001200017100001600029245006700045250002500112260000900137300001600146942001200162952011300174 c19415d19415 aTA.0261 aAnil Rattan 0aRole of HPFC in the industrial development of Himachal Pradesh aHimachal Pradesh Uni c2001 axvii, 325p. cTH2ddc 00104070aNASSDOCbNASSDOCd2004-10-08i2004-10-05l0oTA.0261p38512r2019-04-18 00:00:00w2019-04-18yTH